<?xml version="1.0" encoding="UTF-8"?>
<record
    xmlns:xsi="http://www.w3.org/2001/XMLSchema-instance"
    xsi:schemaLocation="http://www.loc.gov/MARC21/slim http://www.loc.gov/standards/marcxml/schema/MARC21slim.xsd"
    xmlns="http://www.loc.gov/MARC21/slim">

  <leader>01358nam a2200277Ia 4500</leader>
  <controlfield tag="008">100315s9999    xx            000 0 und d</controlfield>
  <datafield tag="020" ind1=" " ind2=" ">
    <subfield code="a">81-7992-202-2&#xA0;</subfield>
  </datafield>
  <datafield tag="040" ind1=" " ind2=" ">
    <subfield code="c">ENGLISH&#xA0;</subfield>
  </datafield>
  <datafield tag="082" ind1=" " ind2=" ">
    <subfield code="b">4732&#xA0;</subfield>
  </datafield>
  <datafield tag="100" ind1=" " ind2=" ">
    <subfield code="a">"THOMAS, MARIAN "</subfield>
  </datafield>
  <datafield tag="245" ind1=" " ind2=" ">
    <subfield code="a">A NEW ATTITUDE : ACHIEVING PERSONAL &amp; PROFESSIONAL SUCCESS BY KEEPING A POSITIVE MENTAL OUTLOOK</subfield>
  </datafield>
  <datafield tag="250" ind1=" " ind2=" ">
    <subfield code="a">1st&#xA0;</subfield>
  </datafield>
  <datafield tag="260" ind1=" " ind2=" ">
    <subfield code="a">Mumbai&#xA0;</subfield>
    <subfield code="b">Jaico &#xA0;</subfield>
    <subfield code="c">2004&#xA0;</subfield>
  </datafield>
  <datafield tag="300" ind1=" " ind2=" ">
    <subfield code="a">120 P.&#xA0; </subfield>
  </datafield>
  <datafield tag="365" ind1=" " ind2=" ">
    <subfield code="e">Rupees&#xA0;</subfield>
    <subfield code="d">1&#xA0;</subfield>
    <subfield code="b">100.00&#xA0;</subfield>
  </datafield>
  <datafield tag="366" ind1=" " ind2=" ">
    <subfield code="f">20&#xA0;</subfield>
  </datafield>
  <datafield tag="440" ind1=" " ind2=" ">
    <subfield code="a">BUSINESS ESSENTIALS&#xA0;</subfield>
  </datafield>
  <datafield tag="505" ind1=" " ind2=" ">
    <subfield code="g">DYK&#xA0;</subfield>
  </datafield>
  <datafield tag="530" ind1=" " ind2=" ">
    <subfield code="b">ROYAL BOOK DISTRIBUTORS 8520/15-09-2004&#xA0;</subfield>
    <subfield code="a">8520/15-09-2004&#xA0;</subfield>
  </datafield>
  <datafield tag="536" ind1=" " ind2=" ">
    <subfield code="a">01/04/2004-31/03/2005&#xA0;</subfield>
  </datafield>
  <datafield tag="620" ind1=" " ind2=" ">
    <subfield code="a">"THE IMPORTANCE OF A POSITIVE MENTAL ATTITUDE, DEVELOPING AND MAINTAINING A POSITIVE MENTAL ATTITUDE, USING A POSITIVE MENTAL ATTITUDE TO GET WHAT YOU WANT, REVERSING A NEGATIVE ATTITUDE, OTHERS AND YOUR ATTITUDE, CHANGE AND YOUR ATTITUDE, ATTITUDE AND SUCCESS, PHYSICAL APPEARANCE AND HEALTH, WORK ATTITUES AND JOB SATISFACTION, STRESS, PROBLEMS OUTSIDE OF WORK, STEPS TO A POSITIVE ATTITUDE.&#xA0;"</subfield>
  </datafield>
  <datafield tag="630" ind1=" " ind2=" ">
    <subfield code="a">A NEW ATTITUDE : ACHIEVING PERSONAL &amp; PROFESSIONAL SUCCESS BY KEEPING A POSITIVE MENTAL OUTLOOK</subfield>
  </datafield>
  <datafield tag="650" ind1=" " ind2=" ">
    <subfield code="a">General Reading&#xA0;</subfield>
  </datafield>
  <datafield tag="730" ind1=" " ind2=" ">
    <subfield code="a">A NEW ATTITUDE : ACHIEVING PERSONAL &amp; PROFESSIONAL SUCCESS BY KEEPING A POSITIVE MENTAL OUTLOOK</subfield>
  </datafield>
  <datafield tag="942" ind1=" " ind2=" ">
    <subfield code="c">BOOK</subfield>
  </datafield>
  <datafield tag="999" ind1=" " ind2=" ">
    <subfield code="c">479467</subfield>
    <subfield code="d">479464</subfield>
  </datafield>
  <datafield tag="952" ind1=" " ind2=" ">
    <subfield code="0">0</subfield>
    <subfield code="1">0</subfield>
    <subfield code="4">0</subfield>
    <subfield code="7">0</subfield>
    <subfield code="a">VPMBRIMS</subfield>
    <subfield code="b">VPMBRIMS</subfield>
    <subfield code="d">2004-12-16</subfield>
    <subfield code="g">125.00</subfield>
    <subfield code="l">0</subfield>
    <subfield code="o">&#xA0;/THO&#xA0; 4732&#xA0;</subfield>
    <subfield code="p">VPMBRIMS-4732&#xA0;</subfield>
    <subfield code="r">2010-03-19 00:00:00</subfield>
    <subfield code="w">2010-03-19</subfield>
    <subfield code="y">BOOK</subfield>
  </datafield>
</record>
